000 00286nam a2200121Ia 4500
005 20251222154322.0
008 251222s9999||||xx |||||||||||||| ||spa||
020 _a84-206-0620-0
082 _a869.96/M23
100 _a"Martí Perez, José Julián"
245 0 _aCrónicas
942 _cLIB
999 _c33808
_d33808